Statistics for 2020 First Democratic Debate

Click here to take the quiz!

General Stats

  • This quiz has been taken 5,277 times
  • The average score is 11 of 20

Answer Stats

HintStateCandidate% Correct
Former V.P.DEJoe Biden
95%
SenatorVTBernie Sanders
92%
SenatorMAElizabeth Warren
81%
SenatorCAKamala Harris
78%
MayorINPete Buttigieg
74%
SenatorNJCory Booker
66%
CongresspersonTXBeto O'Rourke
60%
MayorNYBill de Blasio
55%
SenatorMNAmy Klobuchar
53%
BusinesspersonNYAndrew Yang
52%
CongresspersonHITulsi Gabbard
50%
Former HUD secretaryTXJulian Castro
45%
SenatorNYKirsten Gillibrand
44%
GovernorCOJohn Hickenlooper
41%
AuthorCAMarianne Williamson
36%
GovernorWAJay Inslee
35%
SenatorCOMichael Bennet
30%
CongresspersonOHTim Ryan
29%
CongresspersonMDJohn Delaney
27%
CongresspersonCAEric Swalwell
24%

Score Distribution

Percentile by Number Answered

Percent of People with Each Score

Your Score History

You have not taken this quiz